<?xml version="1.0" encoding="UTF-8"?>
<record
    xmlns:xsi="http://www.w3.org/2001/XMLSchema-instance"
    xsi:schemaLocation="http://www.loc.gov/MARC21/slim http://www.loc.gov/standards/marcxml/schema/MARC21slim.xsd"
    xmlns="http://www.loc.gov/MARC21/slim">

  <leader>04808nam a2200493Ia 4500</leader>
  <controlfield tag="001">dia_7506</controlfield>
  <controlfield tag="003">CHAP</controlfield>
  <controlfield tag="005">20240624103939.0</controlfield>
  <controlfield tag="007">ta</controlfield>
  <controlfield tag="008">220601s2018    mx abdofrm    001 0 spa d</controlfield>
  <datafield tag="040" ind1=" " ind2=" ">
    <subfield code="a">mxchpua</subfield>
    <subfield code="e">rda</subfield>
    <subfield code="c">CHAP</subfield>
  </datafield>
  <datafield tag="041" ind1="0" ind2=" ">
    <subfield code="a">spa</subfield>
    <subfield code="b">eng</subfield>
  </datafield>
  <datafield tag="090" ind1=" " ind2=" ">
    <subfield code="a">Tesis </subfield>
    <subfield code="b">B37 </subfield>
    <subfield code="c">2018</subfield>
  </datafield>
  <datafield tag="100" ind1="1" ind2=" ">
    <subfield code="a">Barbosa Dom&#xED;nguez, Getsemany</subfield>
  </datafield>
  <datafield tag="240" ind1="1" ind2="0">
    <subfield code="a">Isolation and characterization of yeats in zarzamora (Rubus spp.), for your vinification.</subfield>
    <subfield code="l">Espa&#xF1;ol</subfield>
  </datafield>
  <datafield tag="245" ind1="1" ind2="0">
    <subfield code="a">Aislamiento y caracterizaci&#xF3;n de cepas de levadura en zarzamora (Rubus ssp.), para su vinificaci&#xF3;n /</subfield>
    <subfield code="c">Getsemany Barbosa Dom&#xED;nguez y Oscar Garc&#xED;a Men&#xE9;nguez</subfield>
  </datafield>
  <datafield tag="264" ind1=" " ind2=" ">
    <subfield code="a">Chapingo, M&#xE9;xico :</subfield>
    <subfield code="b">El autor,</subfield>
    <subfield code="c">2018</subfield>
  </datafield>
  <datafield tag="300" ind1=" " ind2=" ">
    <subfield code="a">xv, 78 hojas :</subfield>
    <subfield code="b">ilustraciones, mapas, gr&#xE1;ficas, diagramas, tablas, fotos +</subfield>
    <subfield code="e">1 CD-ROM</subfield>
  </datafield>
  <datafield tag="336" ind1=" " ind2=" ">
    <subfield code="2">rdacontent</subfield>
    <subfield code="a">texto</subfield>
    <subfield code="b">txt</subfield>
  </datafield>
  <datafield tag="337" ind1=" " ind2=" ">
    <subfield code="2">rdamedia</subfield>
    <subfield code="a">no mediado</subfield>
    <subfield code="b">n</subfield>
  </datafield>
  <datafield tag="338" ind1=" " ind2=" ">
    <subfield code="2">rdacarrier</subfield>
    <subfield code="a">volumen</subfield>
    <subfield code="b">nc</subfield>
  </datafield>
  <datafield tag="500" ind1=" " ind2=" ">
    <subfield code="a">El CD contiene reporte</subfield>
  </datafield>
  <datafield tag="502" ind1=" " ind2=" ">
    <subfield code="a">Tesis </subfield>
    <subfield code="b">(Ingeniero Agroindustrial) -- </subfield>
    <subfield code="c">UACh. Departamento de Ingenier&#xED;a Agroindustrial, </subfield>
    <subfield code="d">2018</subfield>
  </datafield>
  <datafield tag="504" ind1=" " ind2=" ">
    <subfield code="a">Bibliograf&#xED;a: hojas 67-74</subfield>
  </datafield>
  <datafield tag="520" ind1="3" ind2=" ">
    <subfield code="a">La presente investigaci&#xF3;n se desarroll&#xF3; en la Universidad Aut&#xF3;noma Chapingo bajo la supervisi&#xF3;n del MC. Salvador Mart&#xED;nez Romero y la asesor&#xED;a de la Dra. Ma. Carmen Ybarra Moncada y del I.B.Q. F&#xE9;lix Esparza Torres. En esta investigaci&#xF3;n se realiz&#xF3; el aislamiento y caracterizaci&#xF3;n de cepas de levadura presentes en zarzamora (Rubus spp.) con el objetivo de evaluar su capacidad fermentativa mediante un modelo mixto. El dise&#xF1;o de tratamientos considero los factores: Cepa de levadura con dos niveles y Temperatura con tres niveles, generando seis tratamientos los cuales se ensayaron cuatro veces cada uno. El experimento fue longitudinal con mediciones cada ocho horas durante tres d&#xED;as. Las variables respuestas evaluadas fueron: consumo de sustrato (&#xB0;Bx), pH y porcentaje de alcohol producido (% de etanol). Ello permiti&#xF3; identificar el tratamiento con mayor poder fermentativo para su uso en la elaboraci&#xF3;n de vino de zarzamora. El an&#xE1;lisis estad&#xED;stico mostr&#xF3; que el tratamiento C2T20 tuvo la mayor capacidad fermentativa cuya levadura fue m&#xE1;s eficiente (C2) de acuerdo con los criterios de evaluaci&#xF3;n para ser empelada en la elaboraci&#xF3;n de vino de zarzamora. El efecto de la C2 en combinaci&#xF3;n de la temperatura de fermentaci&#xF3;n a 20 &#xBA;C fue significativamente superior (?=0.05) al de los dem&#xE1;s tratamientos, sobre la capacidad fermentativa. La cepa de levadura m&#xE1;s eficiente (C2) en cuanto a poder fermentativo se refiere, fue aislada del in&#xF3;culo con mayor grado de sulfitaci&#xF3;n --</subfield>
  </datafield>
  <datafield tag="520" ind1="3" ind2=" ">
    <subfield code="a">The present research was developed in the Autonomous University of Chapingo under the supervision of the MC. Salvador Mart&#xED;nez Romero and the advice of Dr. Ma. Carmen Ybarra Moncada and I.B.Q. Felix Esparza Torres In this research, the isolation and characterization of yeast strains present in blackberry (Rubus spp.) Was carried out with the objective of evaluating their fermentative capacity through a mixed model. The design of treatments considered the factors: yeast strain with two levels and temperature with three levels, generating six treatments which were tested four times each. The experiment was longitudinal with measurements every eight hours for three days. The variables evaluated were: substrate consumption (&#xB0;Bx), pH and percentage of alcohol produced (% ethanol). This allowed to identify the treatment with greater fermentative power for its use in the elaboration of blackberry wine. The statistical analysis showed that the C2T20 treatment had the highest fermentative capacity whose yeast was more efficient (C2) according to the evaluation criteria to be used in the elaboration of blackberry wine. The effect of the C2 in combination of the fermentation temperature at 20 &#xBA;C was significantly higher (? = 0.05) than the other treatments, on the fermentative capacity. The most efficient yeast strain (C2) in terms of fermentative power, was isolated from the inoculum with a higher degree of sulfitation.</subfield>
  </datafield>
  <datafield tag="650" ind1="1" ind2="3">
    <subfield code="a">Zarzamora</subfield>
    <subfield code="2">atg</subfield>
    <subfield code="x">Vinificaci&#xF3;n  </subfield>
  </datafield>
  <datafield tag="650" ind1="1" ind2="3">
    <subfield code="a">Cepas </subfield>
    <subfield code="2">atg</subfield>
  </datafield>
  <datafield tag="650" ind1="1" ind2="3">
    <subfield code="a">Levaduras del vino </subfield>
    <subfield code="2">atg</subfield>
  </datafield>
  <datafield tag="650" ind1="1" ind2="3">
    <subfield code="a">Blackberries</subfield>
    <subfield code="2">atg</subfield>
    <subfield code="x">Winemaking  </subfield>
  </datafield>
  <datafield tag="650" ind1="1" ind2="3">
    <subfield code="a">Strains </subfield>
    <subfield code="2">atg</subfield>
  </datafield>
  <datafield tag="650" ind1="1" ind2="3">
    <subfield code="a">Wine yeasts</subfield>
    <subfield code="2">atg</subfield>
  </datafield>
  <datafield tag="700" ind1="1" ind2=" ">
    <subfield code="a">Garc&#xED;a Men&#xE9;nguez, Oscar</subfield>
    <subfield code="e">autor</subfield>
  </datafield>
  <datafield tag="700" ind1="1" ind2=" ">
    <subfield code="a">Mart&#xED;nez Romero, Salvador</subfield>
    <subfield code="e">director</subfield>
  </datafield>
  <datafield tag="700" ind1="1" ind2=" ">
    <subfield code="a">Ybarra Moncada, Ma. Carmen</subfield>
    <subfield code="e">asesora</subfield>
  </datafield>
  <datafield tag="700" ind1="1" ind2=" ">
    <subfield code="a">Esparza Torres, F&#xE9;lix</subfield>
    <subfield code="e">asesor</subfield>
  </datafield>
  <datafield tag="856" ind1="4" ind2="1">
    <subfield code="u">http://10.13.5.2/tesis/sist115122.pdf</subfield>
    <subfield code="y">DESCARGAR PDF</subfield>
  </datafield>
  <datafield tag="901" ind1=" " ind2=" ">
    <subfield code="a">TESIS B37 2018</subfield>
  </datafield>
  <datafield tag="902" ind1=" " ind2=" ">
    <subfield code="a">M</subfield>
  </datafield>
  <datafield tag="905" ind1=" " ind2=" ">
    <subfield code="a">5232272018                          mx dnml8223123322spa16</subfield>
  </datafield>
  <datafield tag="942" ind1=" " ind2=" ">
    <subfield code="c">TESIS</subfield>
    <subfield code="2">Clasificaci&#xF3;n Universidad Aut&#xF3;noma Chapingo</subfield>
  </datafield>
  <datafield tag="999" ind1=" " ind2=" ">
    <subfield code="c">209714</subfield>
    <subfield code="d">209714</subfield>
  </datafield>
  <datafield tag="952" ind1=" " ind2=" ">
    <subfield code="0">0</subfield>
    <subfield code="1">0</subfield>
    <subfield code="2">local</subfield>
    <subfield code="4">0</subfield>
    <subfield code="5">1</subfield>
    <subfield code="7">0</subfield>
    <subfield code="8">TESIS</subfield>
    <subfield code="a">IA_</subfield>
    <subfield code="b">IA_</subfield>
    <subfield code="d">2022-06-01</subfield>
    <subfield code="e">El autor</subfield>
    <subfield code="l">0</subfield>
    <subfield code="o">Tesis B37 2018</subfield>
    <subfield code="p">1101013223</subfield>
    <subfield code="r">2022-06-01 00:00:00</subfield>
    <subfield code="t">Ej. 2</subfield>
    <subfield code="w">2022-06-01</subfield>
    <subfield code="y">CD</subfield>
  </datafield>
  <datafield tag="952" ind1=" " ind2=" ">
    <subfield code="0">0</subfield>
    <subfield code="1">0</subfield>
    <subfield code="2">local</subfield>
    <subfield code="4">0</subfield>
    <subfield code="5">1</subfield>
    <subfield code="7">0</subfield>
    <subfield code="8">TESIS</subfield>
    <subfield code="a">IA_</subfield>
    <subfield code="b">IA_</subfield>
    <subfield code="d">2022-06-01</subfield>
    <subfield code="e">El autor</subfield>
    <subfield code="l">0</subfield>
    <subfield code="o">Tesis B37 2018</subfield>
    <subfield code="p">1101013222</subfield>
    <subfield code="r">2026-02-02 00:00:00</subfield>
    <subfield code="t">Ej. 1</subfield>
    <subfield code="w">2022-06-01</subfield>
    <subfield code="y">TESIS</subfield>
  </datafield>
  <datafield tag="952" ind1=" " ind2=" ">
    <subfield code="0">0</subfield>
    <subfield code="1">0</subfield>
    <subfield code="2">local</subfield>
    <subfield code="4">0</subfield>
    <subfield code="7">0</subfield>
    <subfield code="8">TesDigL</subfield>
    <subfield code="a">IA_</subfield>
    <subfield code="b">IA_</subfield>
    <subfield code="c">E_L</subfield>
    <subfield code="d">2024-06-24</subfield>
    <subfield code="e">El autor</subfield>
    <subfield code="l">0</subfield>
    <subfield code="p">1201013222</subfield>
    <subfield code="r">2024-06-24 00:00:00</subfield>
    <subfield code="w">2024-06-24</subfield>
    <subfield code="y">TD</subfield>
  </datafield>
</record>
